| 000 | 01087cam a2200289 4500 | ||
|---|---|---|---|
| 008 | #DATE n2002 000 0 eng u | ||
| 020 | _a1870308905 | ||
| 035 | _a(Sirsi) u118214 | ||
| 041 | _aeng | ||
| 050 | _a721.0212 | ||
| 100 | _aDawson, S. | ||
| 245 | _aArchitects` working details 8 | ||
| 260 |
_aLondon _bEmap _c2002 |
||
| 300 |
_a173p. _bill. _c30cm |
||
| 350 | _a18.99 | ||
| 490 |
_aArchitects' Working Details _v8 |
||
| 520 | _aA selection of the technical diagrams and sections of external walls, windows, roofs, staircases, structure, small buildings and extensions, and interior elements published under the heading "Working details" in the "Architects' Journal". | ||
| 650 | _aARCHITECTS WORKING DETAILS | ||
| 650 | _aARCHITECTURAL DETAILS | ||
| 650 | _aEXTENSIONS | ||
| 650 | _aBUILT ENVIRONMENT-BUILDING ELEMENTS-COMPLETE BUILDING ELEMENTS-STAIRS | ||
| 650 | _aBUILT ENVIRONMENT-BUILDING ELEMENTS-COMPLETE BUILDING ELEMENTS-WALLS | ||
| 650 | _aWINDOWS | ||
| 650 | _aWORKING DETAILS | ||
| 690 | _aBUILT ENVIRONMENT-CONSTRUCTION DESIGN | ||
| 942 | _n0 | ||
| 999 |
_c102113 _d102113 |
||